Skip to main content
Your cart is empty.
Your lists
Log in to create your own lists
Your cookies
العربية
English
العربية
Home
Search
Advanced search
Authority search
About
The noble scholar, jurist, historian
His Excellency Dr. Abdul Wahhab bin Ibrahim Abu Sulaiman, may Allah have mercy on him.
He was born in Umm Al-Qura in the year 1356 AH.
Library catalog
Title
Author
Subject
ISBN
ISSN
Series
Call number
Log in to your account
×
Login:
Password:
Home
MARC view: نظام مجلس الأوقاف الأعلى /
Normal view
MARC view
ISBD view
نظام مجلس الأوقاف الأعلى / (Record no. 13452)
[
view plain
]
MARC details
000 -LEADER
fixed length control field
01277cam a22003011i 4500
003 - CONTROL NUMBER IDENTIFIER
control field
SA-RiAUC
005 - DATE AND TIME OF LATEST TRANSACTION
control field
20251203131423.0
008 - FIXED-LENGTH DATA ELEMENTS--GENERAL INFORMATION
fixed length control field
251128s1968 su f l f00000 ara c
040 ## - CATALOGING SOURCE
Original cataloging agency
SA-SaLIB
Language of cataloging
ara
Transcribing agency
SA-RiAUC
Description conventions
rda
043 ## - GEOGRAPHIC AREA CODE
Geographic area code
a-su---
050 #4 - LIBRARY OF CONGRESS CALL NUMBER
Item number
.A311966
082 04 - DEWEY DECIMAL CLASSIFICATION NUMBER
Classification number
346.53105
Assigning agency
SA-RiAUC
090 ## - LOCALLY ASSIGNED LC-TYPE CALL NUMBER (OCLC); LOCAL CALL NUMBER (RLIN)
Classification number (OCLC) (R) ; Classification number, CALL (RLIN) (NR)
346.53105
Local cutter number (OCLC) ; Book number/undivided call number, CALL (RLIN)
س ع و
110 1# - MAIN ENTRY--CORPORATE NAME
Corporate name or jurisdiction name as entry element
السعودية
Relator term
سلطة تشريعية.
240 10 - UNIFORM TITLE
Uniform title
نظام مجلس الأوقاف الأعلى (1386 هجري)
245 10 - TITLE STATEMENT
Title
نظام مجلس الأوقاف الأعلى /
Statement of responsibility, etc.
وزارة الحج والأوقاف.
264 #1 - PRODUCTION, PUBLICATION, DISTRIBUTION, MANUFACTURE, AND COPYRIGHT NOTICE
Place of production, publication, distribution, manufacture
مكة المكرمة :
Name of producer, publisher, distributor, manufacturer
مطبعة الحكومة،
Date of production, publication, distribution, manufacture, or copyright notice
1968
300 ## - PHYSICAL DESCRIPTION
Extent
11 صفحة؛
Dimensions
24 سم.
336 ## - CONTENT TYPE
Content type term
نص
Content type code
txt
Source
rdacontent
Materials specified
كتاب
337 ## - MEDIA TYPE
Media type term
بدون وسيط
Media type code
n
Source
rdamedia
338 ## - CARRIER TYPE
Carrier type term
مجلد
Carrier type code
nc
Source
rdacarrier
610 17 - SUBJECT ADDED ENTRY--CORPORATE NAME
Corporate name or jurisdiction name as entry element
السعودية.
Subordinate unit
وزارة الحج والأوقاف.
--
مجلس الأوقاف الأعلى
Form subdivision
قوانين داخلية
Source of heading or term
aucnm
650 #7 - SUBJECT ADDED ENTRY--TOPICAL TERM
Topical term or geographic name entry element
الوقف
General subdivision
قوانين وتشريعات
Geographic subdivision
السعودية
Source of heading or term
aucsh
653 ## - INDEX TERM--UNCONTROLLED
Uncontrolled term
العلوم الاجتماعية
710 1# - ADDED ENTRY--CORPORATE NAME
Corporate name or jurisdiction name as entry element
السعودية.
Subordinate unit
وزارة الحج والأوقاف
Relator term
جهة إصدار.
942 ## - ADDED ENTRY ELEMENTS (KOHA)
Source of classification or shelving scheme
Dewey Decimal Classification
Koha item type
Books
Suppress in OPAC
No
949 ## - LOCAL PROCESSING INFORMATION (OCLC)
a
SA-JeALM
d
251128
u
mohamedma123
n
1
Holdings
Withdrawn status
Lost status
Source of classification or shelving scheme
Damaged status
Not for loan
Home library
Current library
Date acquired
Total checkouts
Full call number
Barcode
Date last seen
Price effective from
Koha item type
Dewey Decimal Classification
DR AbdElwahab Library
DR AbdElwahab Library
12/03/2025
346.53105 س ع و
000021475
12/03/2025
12/03/2025
Books
Place hold
Print
Add to your cart
(remove)
Save record
BIBTEX
Dublin Core
MARCXML
MARC (non-Unicode/MARC-8)
MARC (Unicode/UTF-8)
MARC (Unicode/UTF-8, Standard)
MODS (XML)
RIS
ISBD
More searches
Search for this title in:
Other Libraries (WorldCat)
Other Databases (Google Scholar)
Online Stores (Bookfinder.com)
Open Library (openlibrary.org)
Exporting to Dublin Core...
×
Simple DC-RDF
OAI-DC
SRW-DC